Statistics for Lyrics from the Jungle Book song Bare-Necessities

Click here to take the quiz!

General Stats

  • This quiz has been taken 8 times
  • The average score is 179 of 336

Answer Stats

Answer% Correct
I
100%
a
86%
bare
86%
it.
86%
it
86%
The
86%
the
86%
you.
86%
you
86%
you!
86%
your
86%
for
71%
life.
71%
life
71%
me.
71%
me
71%
necessities
71%
necessities.
71%
necessities,
71%
of
71%
simple
71%
When
71%
when
71%
about
57%
And
57%
and
57%
be
57%
Forget
57%
forget
57%
home.
57%
just
57%
look
57%
Look
57%
make
57%
mean
57%
mother
57%
then
57%
to
57%
ants,
43%
at
43%
bear
43%
big
43%
can
43%
Don't
43%
don't
43%
go
43%
Have
43%
If
43%
in
43%
man!
43%
man,
43%
my
43%
nature's
43%
Now
43%
or
43%
recipe.
43%
roam,
43%
strife.
43%
That
43%
that
43%
try
43%
wherever
43%
why
43%
worries
43%
are
29%
bees
29%
beware.
29%
bring
29%
buzzing
29%
by
29%
can't
29%
claw
29%
claw.
29%
come
29%
couldn't
29%
ease
29%
fancy
29%
few.
29%
fonder
29%
glance
29%
honey
29%
I'll
29%
like
29%
live
29%
maybe
29%
next
29%
not
29%
Oh
29%
paw,
29%
paw
29%
paw-paw
29%
paw-paw.
29%
pear
29%
pick
29%
plants
29%
prick
29%
prickly
29%
raw
29%
rest
29%
rocks
29%
So
29%
some
29%
take
29%
tell
29%
that's
29%
They'll
29%
time
29%
too
29%
tree
29%
under
29%
use
29%
well,
29%
will
29%
with
29%
Yeah
29%
Yeah,
29%
yeah,
29%
you're
29%
act
14%
act,
14%
along
14%
apart
14%
around
14%
backyard
14%
britches.
14%
But
14%
cause
14%
clue?
14%
cool
14%
Fall
14%
find
14%
found.
14%
given
14%
hard.
14%
let
14%
little
14%
living.
14%
lookin
14%
need
14%
old
14%
out
14%
really
14%
relax,
14%
something
14%
spend
14%
thinking
14%
true.
14%
uh
14%
wander
14%
want
14%
without
14%
working
14%
Whether
0%

Score Distribution

Percentile by Number Answered

Percent of People with Each Score

Your Score History

You have not taken this quiz